000
00235nam a2200097Ia 4500
008
190216s9999||||xx |||||||||||||| ||und||
100
_a
Null
245
0
_a
Hindi-Hinadi Gad Sanmarg
260
_b
Chatterjee Publishing Concern
942
_c
BK
999
_c
17466
_d
17466